[Event "SR 3. liga A2 2011/2012"]
[Site "?"]
[Date "2012.03.04"]
[Round "10.5"]
[White "Nedorost, Lubomir"]
[Black "Pekar, Tibor"]
[Result "0-1"]
[WhiteElo "1667"]
[BlackElo "1971"]
[PlyCount "120"]
[EventDate "2011.??.??"]

1. e4 c5 2. Nc3 Nc6 3. Bc4 e6 4. d3 Na5 5. Bb3 Nxb3 6. axb3 g6 7. Bf4 d6 8. Nf3
Bg7 9. Nb5 e5 10. Bg5 f6 11. Bh4 Qb6 12. Nc3 Ne7 13. O-O O-O 14. Nd2 Be6 15.
Na4 Qc6 16. c4 g5 17. Bg3 Ng6 18. Nc3 a6 19. Nd5 b5 20. Qh5 Bxd5 21. exd5 Qb6
22. Rfb1 bxc4 23. bxc4 Nf4 24. Bxf4 exf4 25. Ne4 h6 26. f3 Qd8 27. Ra3 f5 28.
Nf2 Qe7 29. Qg6 Rf6 30. Qh5 Rff8 31. Qg6 Rf6 32. Qh5 Rff8 33. Qg6 a5 34. Raa1
Rf6 35. Qh5 Rff8 36. Re1 Qb7 37. Rab1 Kh7 38. Re6 Rf6 39. Nh3 Kg8 40. Rxf6 Bxf6
41. Qxh6 Qe7 42. Qg6+ Qg7 43. Qxf5 Re8 44. b3 Qe7 45. Qe4 Qf7 46. Nf2 Rxe4 47.
dxe4 Bd4 48. g3 fxg3 49. hxg3 Qb7 50. Kg2 Bxf2 51. Kxf2 a4 52. f4 a3 53. e5
dxe5 54. fxe5 a2 55. Re1 Kf7 56. d6 Qxb3 57. e6+ Ke8 58. Rh1 a1=Q 59. Rxa1 Qb2+
60. Kf3 Qxa1 0-1

[Event "SR 3. liga A2 2011/2012"]
[Site "?"]
[Date "2012.03.04"]
[Round "10.5"]
[White "Kubis, Ivan"]
[Black "Sedlak, Rastislav"]
[Result "1/2-1/2"]
[WhiteElo "2002"]
[BlackElo "1610"]
[PlyCount "146"]
[EventDate "2011.??.??"]

1. e4 e5 2. Nf3 Nc6 3. Bb5 a6 4. Ba4 Nf6 5. O-O b5 6. Bb3 Bc5 7. Re1 O-O 8. c3
h6 9. d4 exd4 10. e5 Nh7 11. cxd4 Bb4 12. Nc3 d6 13. Qe2 Bg4 14. Bd5 Nxd4 15.
Qe4 Bxf3 16. gxf3 c6 17. Qxd4 Bxc3 18. bxc3 cxd5 19. Qxd5 dxe5 20. Qxe5 Re8 21.
Qxe8+ Qxe8 22. Rxe8+ Rxe8 23. Be3 Rd8 24. a4 Nf6 25. axb5 axb5 26. Bd4 Nd5 27.
Rb1 Rc8 28. Rb3 f6 29. Kf1 Kf7 30. Ke2 Rc4 31. Kd3 Nf4+ 32. Kd2 Ne6 33. Kd3
Nc5+ 34. Bxc5 Rxc5 35. Rb4 Ke6 36. h4 g5 37. Re4+ Re5 38. Rb4 f5 39. hxg5 hxg5
40. f4 Rd5+ 41. Ke3 g4 42. c4 bxc4 43. Rxc4 Rd6 44. Rc8 Ra6 45. Re8+ Kf7 46.
Re5 Kf6 47. Kd4 Ra2 48. Ke3 Ra3+ 49. Ke2 Rf3 50. Re8 Rxf4 51. Re3 Ra4 52. Rb3
f4 53. Rb5 Ra2+ 54. Ke1 f3 55. Rc5 Re2+ 56. Kf1 Rb2 57. Ke1 Re2+ 58. Kf1 Re5
59. Rc8 Kg5 60. Rg8+ Kf4 61. Rg7 Rh5 62. Rf7+ Ke4 63. Re7+ Kf5 64. Kg1 Kf4 65.
Rf7+ Rf5 66. Rg7 Rg5 67. Rf7+ Ke5 68. Rf8 Rg6 69. Kh2 Ke4 70. Kg3 Kd3 71. Re8
Rg7 72. Re6 Rg8 73. Re7 Rg6 1/2-1/2

[Event "SR 3. liga A2 2011/2012"]
[Site "?"]
[Date "2012.03.04"]
[Round "10.5"]
[White "Oravec, Pavol"]
[Black "Berger, Patrik"]
[Result "1/2-1/2"]
[WhiteElo "1528"]
[BlackElo "1731"]
[PlyCount "146"]
[EventDate "2011.??.??"]

1. d4 Nf6 2. Nf3 g6 3. Bf4 Bg7 4. e3 d6 5. Bd3 Nc6 6. c3 Bg4 7. Nbd2 e5 8. Bg5
O-O 9. h3 Be6 10. Qc2 Qd7 11. Bb5 Ne8 12. Rd1 f6 13. Bh4 d5 14. Nb3 e4 15. Nc5
Qc8 16. Nd2 Nd6 17. Bxc6 bxc6 18. Qa4 Bd7 19. Bg3 Rf7 20. Ndb3 Nc4 21. Rb1 Bf8
22. Ke2 Bd6 23. Bxd6 cxd6 24. Nxd7 Qxd7 25. Na5 Nxa5 26. Qxa5 Qb7 27. b4 f5 28.
g3 a6 29. h4 Qb5+ 30. Qxb5 axb5 31. Rb2 Ra3 32. Rc2 Rfa7 33. Ra1 Kf7 34. Kd2
Kg7 35. Kc1 Kh6 36. Kb2 Kh5 37. Rd2 Kg4 38. Rc2 h6 39. Rd2 g5 40. hxg5 hxg5 41.
Rc2 R3a4 42. Kb3 f4 43. gxf4 gxf4 44. exf4 Kxf4 45. a3 Kf3 46. Raa2 Rg7 47. Re2
Rg2 48. Re3+ Kg4 49. Rc2 Ra7 50. Ra2 Rf7 51. Ree2 Rf3 52. Rac2 Rh2 53. a4 bxa4+
54. Kxa4 Rhh3 55. Kb3 Rh6 56. Ra2 Rhf6 57. b5 cxb5 58. Kb4 Kh3 59. Re3 Rxe3 60.
fxe3 Kg3 61. Kxb5 Kf3 62. Kc6 Kxe3 63. Kxd5 Kd3 64. Ra3 e3 65. c4+ Kd2 66. Ra2+
Kd1 67. Ra1+ Kd2 68. Ra2+ Ke1 69. c5 dxc5 70. dxc5 e2 71. c6 Kf1 72. Rxe2 Rxc6
73. Kxc6 Kxe2 1/2-1/2

[Event "SR 3. liga A2 2011/2012"]
[Site "?"]
[Date "2012.03.04"]
[Round "10.6"]
[White "Sebesta, Radovan"]
[Black "Malar, Pavol"]
[Result "0-1"]
[WhiteElo "2069"]
[BlackElo "2102"]
[PlyCount "76"]
[EventDate "2011.??.??"]

1. d4 f5 2. c4 Nf6 3. g3 e6 4. Bg2 Be7 5. Nf3 O-O 6. O-O d6 7. Nc3 Nc6 8. b3
Qe8 9. Bb2 Qh5 10. e3 Bd7 11. d5 Nd8 12. Nd4 e5 13. Qxh5 Nxh5 14. Nc2 g5 15. f3
Nf7 16. Rae1 a5 17. a4 Bf6 18. Ne2 c6 19. e4 cxd5 20. exd5 f4 21. g4 Ng7 22.
Nc3 Bd8 23. h3 Bb6+ 24. Kh2 Ne8 25. Ne4 Rc8 26. Na3 Kg7 27. Rh1 Nf6 28. Bf1
Nxe4 29. Rxe4 h5 30. Kg2 Rh8 31. Bd3 Rh6 32. Ree1 Rch8 33. Nb1 hxg4 34. hxg4
Bxg4 35. Rxh6 Nxh6 36. fxg4 Nxg4 37. Ba3 Rh2+ 38. Kf3 Nf6 0-1

[Event "SR 3. liga A2 2011/2012"]
[Site "?"]
[Date "2012.03.04"]
[Round "10.6"]
[White "Slamena, Michal"]
[Black "Lanik, Miroslav"]
[Result "0-1"]
[WhiteElo "1976"]
[BlackElo "1936"]
[PlyCount "54"]
[EventDate "2011.??.??"]

1. e4 c5 2. Nf3 d6 3. d4 cxd4 4. Nxd4 Nf6 5. Nc3 a6 6. Bg5 e6 7. f4 Nbd7 8. Qf3
Qc7 9. O-O-O b5 10. Bxf6 Nxf6 11. e5 Bb7 12. Qg3 dxe5 13. fxe5 Nd7 14. Bxb5
axb5 15. Ndxb5 Qc6 16. Rd2 g6 17. Rhd1 Bh6 18. Nd6+ Kf8 19. Rf1 Bxd2+ 20. Kxd2
f5 21. Rf2 Rg8 22. Qg5 Rg7 23. Ndb5 Nxe5 24. Qf6+ Nf7 25. Nd4 Qd7 26. Kc1 Ra6
27. Nb3 Qd8 0-1

[Event "SR 3. liga A2 2011/2012"]
[Site "?"]
[Date "2012.03.04"]
[Round "10.6"]
[White "Palka, Martin"]
[Black "Gajarsky, Roman"]
[Result "1/2-1/2"]
[WhiteElo "1876"]
[BlackElo "1915"]
[PlyCount "47"]
[EventDate "2011.??.??"]

1. e4 e5 2. Nf3 Nc6 3. Bb5 Nf6 4. O-O d6 5. Re1 Be7 6. c3 a6 7. Ba4 b5 8. Bc2
Bg4 9. h3 Bh5 10. d3 Qd7 11. Nbd2 h6 12. Nf1 g5 13. Ng3 Bg6 14. d4 g4 15. hxg4
Qxg4 16. a4 Rb8 17. d5 Nd8 18. axb5 axb5 19. Ra7 c5 20. dxc6 Nxc6 21. Rc7 Nd8
22. Nh2 Qxd1 23. Rxd1 Ne6 24. Ra7 1/2-1/2

[Event "SR 3. liga A2 2011/2012"]
[Site "?"]
[Date "2012.03.04"]
[Round "10.6"]
[White "Jancicka, Viliam"]
[Black "Gasa, Patrik"]
[Result "0-1"]
[WhiteElo "1890"]
[BlackElo "1727"]
[PlyCount "86"]
[EventDate "2011.??.??"]

1. Nf3 c5 2. e4 Nc6 3. Bc4 e6 4. Nc3 a6 5. a4 Nf6 6. O-O d6 7. Re1 Be7 8. d3
O-O 9. h3 b6 10. Be3 d5 11. exd5 exd5 12. Ba2 d4 13. Bxd4 cxd4 14. Ne2 h6 15.
c4 Bb4 16. Rf1 Bb7 17. Ng3 Qd7 18. Nh2 Rae8 19. b3 Re7 20. Nf3 Rfe8 21. Rc1 Ne5
22. Nh4 Ng6 23. Nhf5 Re6 24. f3 Nf4 25. Ne4 Ng6 26. Nfg3 Ne7 27. Rc2 Nxe4 28.
fxe4 Rg6 29. Qf3 Rf8 30. Re2 Rf6 31. Qh5 Rxf1+ 32. Kxf1 f5 33. e5 Qe6 34. Kg1
Qg6 35. Qxg6 Nxg6 36. Nh5 f4 37. g4 f3 38. Rf2 Nxe5 39. Bb1 Be1 40. Ng3 Bxf2+
41. Kxf2 Ng6 42. Nf5 Rxf5 43. gxf5 Nh4 0-1

[Event "SR 3. liga A2 2011/2012"]
[Site "?"]
[Date "2012.03.04"]
[Round "10.6"]
[White "Skapikova, Lubica"]
[Black "Niznansky, Lukas"]
[Result "1-0"]
[WhiteElo "1867"]
[BlackElo "1740"]
[PlyCount "103"]
[EventDate "2011.??.??"]

1. e4 e5 2. Nf3 Nc6 3. Bb5 a6 4. Ba4 Nf6 5. O-O Be7 6. Re1 b5 7. Bb3 O-O 8. c3
d6 9. d3 Bg4 10. Nbd2 Qd7 11. Nf1 Na5 12. Bc2 c5 13. h3 Bh5 14. Ng3 Bg6 15. Nh4
Nc6 16. f4 exf4 17. Bxf4 Rad8 18. Qf3 Rfe8 19. Ngf5 Bf8 20. g4 h6 21. Ne3 Ne5
22. Bxe5 dxe5 23. Nhf5 Qc6 24. a4 c4 25. axb5 axb5 26. dxc4 bxc4 27. Ba4 Qxe4
28. Qxe4 Nxe4 29. Bxe8 Rxe8 30. Nxc4 Ng5 31. Kg2 f6 32. Ra7 Ne6 33. Ncd6 Rd8
34. Ne4 Be8 35. Nxh6+ Kh8 36. Nf5 Bc6 37. Ra6 Nf4+ 38. Kf3 Bb7 39. Rb6 Rd7 40.
b4 Rc7 41. c4 Rd7 42. c5 Nd5 43. Rb5 Nc3 44. Rxb7 Rxb7 45. Nxc3 Rxb4 46. Ne4
Rc4 47. Nfd6 Kg8 48. Re3 Ra4 49. Rc3 Ra7 50. c6 Rc7 51. Nb5 Rc8 52. c7 1-0

[Event "SR 3. liga A2 2011/2012"]
[Site "?"]
[Date "2012.03.04"]
[Round "10.6"]
[White "Tupy, Bystrik"]
[Black "Zisek, Jaroslav"]
[Result "1/2-1/2"]
[WhiteElo "1514"]
[BlackElo "1860"]
[PlyCount "80"]
[EventDate "2011.??.??"]

1. e4 c5 2. Nf3 d6 3. d4 cxd4 4. Nxd4 Nf6 5. Nc3 a6 6. Nf3 Nc6 7. Bg5 e6 8. Bd3
Be7 9. Qe2 Qc7 10. O-O-O b5 11. Rhe1 b4 12. Nb1 O-O 13. e5 dxe5 14. Nxe5 Nxe5
15. Qxe5 Qxe5 16. Rxe5 Bb7 17. f3 h6 18. Bxf6 Bxf6 19. Re2 Rfd8 20. Be4 Bxb2+
21. Kxb2 Rxd1 22. Bxb7 Ra7 23. Be4 Rad7 24. Bd3 a5 25. Rd2 Rxd2 26. Nxd2 f5 27.
Kb3 Kf7 28. Ka4 Rd5 29. Nb3 Kf6 30. Nxa5 e5 31. Nc6 g5 32. Bxf5 Rd2 33. g4 Rxh2
34. Be4 Re2 35. Kxb4 h5 36. gxh5 g4 37. fxg4 Rxe4+ 38. c4 Rxg4 39. a4 e4 40.
Kc3 e3 1/2-1/2

[Event "SR 3. liga A2 2011/2012"]
[Site "?"]
[Date "2012.03.04"]
[Round "10.6"]
[White "Fidericky, Milan"]
[Black "Javor, Jozef"]
[Result "1-0"]
[WhiteElo "1843"]
[BlackElo "1375"]
[PlyCount "51"]
[EventDate "2011.??.??"]

1. e4 e5 2. Nf3 d6 3. d4 Bg4 4. dxe5 Bxf3 5. Qxf3 dxe5 6. Bc4 Qf6 7. Qb3 b6 8.
Nc3 Bc5 9. O-O Nc6 10. Nd5 Qd8 11. Bb5 Qd6 12. Qa4 Nge7 13. Nxe7 Kxe7 14. Bxc6
Rad8 15. c3 Qf6 16. b4 Rd6 17. bxc5 Rxc6 18. Ba3 Kd7 19. cxb6 axb6 20. Rad1+
Qd6 21. Bxd6 cxd6 22. Qa7+ Ke6 23. f4 Rhc8 24. fxe5 R8c7 25. Qb8 g6 26. Qe8+
1-0

[Event "SR 3. liga A2 2011/2012"]
[Site "?"]
[Date "2012.03.04"]
[Round "10.6"]
[White "Janas, Peter"]
[Black "Havlicek, Peter"]
[Result "1-0"]
[WhiteElo "1000"]
[BlackElo "1808"]
[PlyCount "142"]
[EventDate "2011.??.??"]

1. d4 d5 2. Nf3 Nf6 3. g3 Bf5 4. Bg2 e6 5. Bg5 Be7 6. Nbd2 Nbd7 7. Nh4 Bg6 8.
Nxg6 hxg6 9. c4 c6 10. Qc2 Ng4 11. Bxe7 Qxe7 12. h3 Nh6 13. Qb3 Nf6 14. g4 Nhg8
15. e4 dxe4 16. O-O-O Qc7 17. Nxe4 Nxe4 18. Bxe4 Qf4+ 19. Qe3 g5 20. Kb1 Nf6
21. Bg2 O-O 22. Qxf4 gxf4 23. Bf3 Rad8 24. h4 Rfe8 25. Rhe1 Kf8 26. g5 Nd7 27.
Re4 Nb6 28. b3 e5 29. dxe5 Rxd1+ 30. Bxd1 f6 31. Rxf4 Rxe5 32. gxf6 gxf6 33.
Rxf6+ Kg7 34. Rf4 a5 35. Rg4+ Kf6 36. Rg3 Nd7 37. h5 Re1 38. Kc2 Nc5 39. Rg8
Re7 40. Bf3 Ne6 41. Rg6+ Kf7 42. Bg4 Nf4 43. Rg5 Ne6 44. Bxe6+ Rxe6 45. Kd3 b6
46. a4 Rh6 47. f4 Rd6+ 48. Ke4 Rd1 49. Rg6 Rb1 50. Rxc6 Rxb3 51. Kf5 Kg7 52.
Rc7+ Kh6 53. Rc8 Kg7 54. Rc6 Rb4 55. h6+ Kh7 56. Kg5 Rb1 57. Rc7+ Kh8 58. Rc6
Kh7 59. f5 Rg1+ 60. Kf6 Kxh6 61. Rxb6 Rc1 62. Rc6 Ra1 63. Kf7+ Kg5 64. f6 Rxa4
65. Kg7 Rb4 66. Rc7 Rb6 67. f7 Rg6+ 68. Kf8 Re6 69. Re7 Ra6 70. Rd7 Re6 71.
Rd5+ Kg6 1-0

[Event "SR 3. liga A2 2011/2012"]
[Site "?"]
[Date "2012.03.18"]
[Round "11.1"]
[White "Janko, Michal"]
[Black "Horak, Ivan"]
[Result "1-0"]
[WhiteElo "2271"]
[BlackElo "2073"]
[PlyCount "93"]
[EventDate "2011.??.??"]

1. d4 d5 2. c4 c6 3. Nc3 Nf6 4. Nf3 e6 5. e3 Nbd7 6. Bd3 dxc4 7. Bxc4 b5 8. Bd3
Bb7 9. O-O a6 10. e4 c5 11. d5 c4 12. Bc2 Qc7 13. dxe6 fxe6 14. Ng5 Nc5 15. Qf3
h6 16. Qh3 O-O-O 17. Nxe6 Nxe6 18. Qxe6+ Kb8 19. Qf5 Bd6 20. h3 Rhf8 21. Qg6
Qe7 22. Re1 Nd7 23. Be3 Rf6 24. Qh5 Qe5 25. Qxe5 Bxe5 26. Rad1 Kc7 27. g3 g5
28. Re2 Rd6 29. Rxd6 Bxd6 30. f4 gxf4 31. gxf4 Bc5 32. Kf2 Bxe3+ 33. Kxe3 Nc5
34. e5 Nd3 35. Bb1 Rg8 36. Bxd3 Rg3+ 37. Kd4 Rxd3+ 38. Kc5 Bc6 39. e6 Rxh3 40.
f5 Rf3 41. Re5 b4 42. Nd5+ Kb7 43. Nxb4 c3 44. bxc3 Rxc3+ 45. Kd4 Rc1 46. Nxc6
Kxc6 47. e7 1-0

[Event "SR 3. liga A2 2011/2012"]
[Site "?"]
[Date "2012.03.18"]
[Round "11.1"]
[White "Kovarik, Oto"]
[Black "Janko, Ladislav"]
[Result "0-1"]
[WhiteElo "2018"]
[BlackElo "2229"]
[PlyCount "80"]
[EventDate "2011.??.??"]

1. e4 g6 2. d4 Bg7 3. Nf3 c6 4. c4 d5 5. cxd5 cxd5 6. e5 Nc6 7. Nc3 Bg4 8. Be2
e6 9. h3 Bxf3 10. Bxf3 Qb6 11. Ne2 Nge7 12. b3 Nf5 13. Bb2 Nh4 14. O-O Nxf3+
15. gxf3 O-O 16. Qd2 Rfc8 17. Rfc1 Qd8 18. Qe3 Bf8 19. f4 Qa5 20. a3 Qb6 21.
Rcb1 Rc7 22. Bc1 Rac8 23. Bd2 Ne7 24. Ra2 Qa6 25. Be1 Rc2 26. Rba1 Nf5 27. Qf3
Qb6 28. Rxc2 Rxc2 29. Qd3 Rc6 30. Bd2 Qc7 31. Bc1 Rc2 32. Bd2 Nh4 33. Rc1 Rxc1+
34. Bxc1 Qa5 35. b4 Qa4 36. Bb2 Be7 37. Kh2 a5 38. bxa5 Qxa5 39. Bc1 Qe1 40.
Qe3 Qf1 0-1

[Event "SR 3. liga A2 2011/2012"]
[Site "?"]
[Date "2012.03.18"]
[Round "11.1"]
[White "Sulek, Viliam"]
[Black "Sefcik, Marek"]
[Result "1/2-1/2"]
[WhiteElo "2135"]
[BlackElo "2016"]
[PlyCount "68"]
[EventDate "2011.??.??"]

1. e4 d5 2. exd5 Qxd5 3. Nc3 Qd6 4. d4 Nf6 5. Nf3 c6 6. Be2 Bf5 7. O-O Nbd7 8.
Bg5 e6 9. Bh4 Be7 10. a3 Qc7 11. Bg3 Bd6 12. Qd2 h6 13. Rfe1 O-O 14. Bc4 Bxg3
15. hxg3 Nb6 16. Bd3 Bxd3 17. Qxd3 Nbd5 18. Nxd5 cxd5 19. Ne5 Rac8 20. c3 g6
21. Qe3 Kg7 22. f3 Nd7 23. Nxd7 Qxd7 24. Qe5+ Kh7 25. Kf2 Qc7 26. Qxc7 Rxc7 27.
Rh1 Kg7 28. Rh3 h5 29. Rh4 b5 30. Ke3 Kf6 31. Kd3 Rb8 32. Rhh1 a5 33. Rhc1 Rbc8
34. Kd2 a4 1/2-1/2

[Event "SR 3. liga A2 2011/2012"]
[Site "?"]
[Date "2012.03.18"]
[Round "11.1"]
[White "Bilovsky, Milan"]
[Black "Kantor, Reka"]
[Result "0-1"]
[WhiteElo "1891"]
[BlackElo "1962"]
[PlyCount "54"]
[EventDate "2011.??.??"]

1. c4 Nf6 2. d4 e6 3. Nc3 Bb4 4. Qc2 Nc6 5. Nf3 d6 6. Bg5 h6 7. Bh4 g5 8. Nxg5
hxg5 9. Bxg5 Nxd4 10. Qd3 e5 11. O-O-O Bxc3 12. bxc3 Ne6 13. Bd2 Bd7 14. e3 Nc5
15. Qb1 Ng4 16. Be1 Qf6 17. Be2 O-O-O 18. h3 Nh6 19. Bf3 Nf5 20. Rg1 Ne7 21.
Bd2 Qe6 22. Be2 e4 23. f4 Rdg8 24. Be1 Rxh3 25. Bf2 Rh2 26. Bf1 Qf6 27. Qb2 Na4
0-1

[Event "SR 3. liga A2 2011/2012"]
[Site "?"]
[Date "2012.03.18"]
[Round "11.1"]
[White "Dvorsky, Jozef"]
[Black "Vach, Jozef"]
[Result "1-0"]
[WhiteElo "2031"]
[BlackElo "1861"]
[PlyCount "91"]
[EventDate "2011.??.??"]

1. e4 c5 2. Nf3 d6 3. d4 cxd4 4. Nxd4 Nf6 5. f3 e5 6. Nb3 Be7 7. c4 Nc6 8. Be3
O-O 9. Nc3 Re8 10. Qd2 Na5 11. Nc1 a6 12. b4 Nc6 13. a3 Bd7 14. Qf2 Qc8 15. Nd3
Nd8 16. Nb2 Ne6 17. Rc1 h6 18. Be2 Rf8 19. O-O Ne8 20. Nd5 Bd8 21. Rfd1 Qb8 22.
c5 dxc5 23. bxc5 Bc6 24. Nc4 Nf6 25. Qg3 Bxd5 26. exd5 Nf4 27. Bf1 Ng6 28. d6
Nd7 29. Bd3 Bh4 30. Qh3 Qd8 31. Bxg6 fxg6 32. Qe6+ Kh7 33. Nxe5 Qe8 34. Qxe8
Rfxe8 35. Nxd7 Rxe3 36. Rb1 Rxa3 37. Rxb7 Rc3 38. g3 Bd8 39. Nf8+ Kg8 40. Ne6
Bf6 41. d7 Bd8 42. Nxd8 Rxd8 43. Rc7 Kf7 44. c6 Rb3 45. Rc8 Rb8 46. Rxb8 1-0

[Event "SR 3. liga A2 2011/2012"]
[Site "?"]
[Date "2012.03.18"]
[Round "11.1"]
[White "Husek, Lubomir"]
[Black "Puobis, Jozef"]
[Result "1/2-1/2"]
[WhiteElo "1768"]
[BlackElo "1953"]
[PlyCount "40"]
[EventDate "2011.??.??"]

1. Nf3 Nc6 2. b3 d5 3. Bb2 Bg4 4. e3 e5 5. Be2 e4 6. Nd4 Bxe2 7. Qxe2 Nxd4 8.
Bxd4 Qd7 9. O-O Nf6 10. c4 Bd6 11. c5 Be7 12. Nc3 c6 13. d3 exd3 14. Qxd3 h5
15. b4 Rh6 16. b5 Rg6 17. Kh1 Rxg2 18. Kxg2 Qg4+ 19. Kh1 Qf3+ 20. Kg1 Qg4+
1/2-1/2

[Event "SR 3. liga A2 2011/2012"]
[Site "?"]
[Date "2012.03.18"]
[Round "11.1"]
[White "Kosar, Mikulas ml"]
[Black "Hrubos, Milan"]
[Result "1-0"]
[WhiteElo "1900"]
[BlackElo "1790"]
[PlyCount "41"]
[EventDate "2011.??.??"]

1. e4 e5 2. Nf3 Nc6 3. d4 exd4 4. Bc4 h6 5. Nxd4 Bc5 6. Bxf7+ Kxf7 7. Qh5+ g6
8. Qd5+ Kg7 9. Qxc5 Nxd4 10. Qxd4+ Kh7 11. Nc3 Ne7 12. Bd2 Rf8 13. h4 Nc6 14.
Qe3 Qf6 15. Qxh6+ Kg8 16. O-O-O Ne5 17. Nd5 Qg7 18. Qxg7+ Kxg7 19. Bc3 d6 20.
f4 c6 21. Nc7 1-0

[Event "SR 3. liga A2 2011/2012"]
[Site "?"]
[Date "2012.03.18"]
[Round "11.1"]
[White "Holly, Milan"]
[Black "Kosar, Mikulas st"]
[Result "1/2-1/2"]
[WhiteElo "1865"]
[BlackElo "1766"]
[PlyCount "80"]
[EventDate "2011.??.??"]

1. Nf3 Nf6 2. b3 Nc6 3. Bb2 d6 4. e3 e5 5. d4 e4 6. Nfd2 d5 7. c4 Ne7 8. Nc3 c6
9. Be2 Be6 10. O-O Nf5 11. Rc1 Bd6 12. cxd5 cxd5 13. Bb5+ Bd7 14. a3 a6 15.
Bxd7+ Qxd7 16. b4 b5 17. Qb3 O-O 18. h3 Bc7 19. Ne2 Qd6 20. g3 Rac8 21. Rc2 Bb8
22. Rfc1 Rc7 23. Rxc7 Bxc7 24. Qc3 Rc8 25. Qc6 Ne7 26. Qxd6 Bxd6 27. Nb3 Rxc1+
28. Bxc1 Ne8 29. Nc5 Nc7 30. Kg2 f5 31. Bd2 Nc6 32. Nd7 Be7 33. Nf4 Kf7 34. Nc5
g5 35. Ne2 h5 36. f4 g4 37. hxg4 hxg4 38. Bc3 Nb8 39. Nc1 Na8 40. N1b3 Nb6
1/2-1/2

[Event "SR 3. liga A2 2011/2012"]
[Site "?"]
[Date "2012.03.18"]
[Round "11.2"]
[White "Kovacocy, Pavel"]
[Black "Pribila, Gerhard"]
[Result "1-0"]
[WhiteElo "2231"]
[BlackElo "2036"]
[PlyCount "79"]
[EventDate "2011.??.??"]

1. e4 c5 2. d3 Nc6 3. g3 g6 4. Bg2 Bg7 5. f4 d6 6. Nf3 Nf6 7. O-O O-O 8. Nc3
Rb8 9. h3 b5 10. a3 a5 11. Be3 b4 12. axb4 axb4 13. Ne2 Bb7 14. b3 Ra8 15. Rc1
Ra2 16. g4 Nd7 17. Qe1 Qc7 18. Qh4 Re8 19. f5 Nde5 20. fxg6 Nxf3+ 21. Rxf3 hxg6
22. Nf4 Nd4 23. Rf2 Bf6 24. g5 Bg7 25. Bf3 Nxf3+ 26. Rxf3 Ra1 27. Rxa1 Bxa1 28.
Nxg6 fxg6 29. Qh6 Bg7 30. Qxg6 Rf8 31. Qe6+ Kh8 32. Rxf8+ Bxf8 33. Qf7 Qd8 34.
Qh5+ Kg8 35. g6 Bg7 36. Qh7+ Kf8 37. Bh6 Ke8 38. Qxg7 Kd7 39. Bg5 d5 40. Qf7
1-0

[Event "SR 3. liga A2 2011/2012"]
[Site "?"]
[Date "2012.03.18"]
[Round "11.2"]
[White "Kastler, Peter"]
[Black "Liptak, Tomas"]
[Result "0-1"]
[WhiteElo "1720"]
[BlackElo "2103"]
[PlyCount "56"]
[EventDate "2011.??.??"]

1. d4 d6 2. c4 Nd7 3. Nc3 e5 4. e3 c6 5. Nf3 Be7 6. Bd3 Ngf6 7. Qc2 O-O 8. O-O
g6 9. b3 Nh5 10. Bb2 f5 11. e4 f4 12. dxe5 dxe5 13. Rad1 Bb4 14. Nb1 Qe7 15. a3
Ba5 16. b4 Bc7 17. c5 g5 18. h3 Ng7 19. g4 fxg3 20. fxg3 b6 21. cxb6 Nxb6 22.
Qxc6 Bxh3 23. Rf2 Rf6 24. Qc2 Raf8 25. Be2 g4 26. Bc4+ Kh8 27. Ng5 Rxf2 28. Qb3
Qxg5 0-1

[Event "SR 3. liga A2 2011/2012"]
[Site "?"]
[Date "2012.03.18"]
[Round "11.2"]
[White "Liptak, Dusan"]
[Black "Valla, Tomas"]
[Result "1-0"]
[WhiteElo "2075"]
[BlackElo "1846"]
[PlyCount "85"]
[EventDate "2011.??.??"]

1. Nf3 Nf6 2. c4 e6 3. d4 c5 4. Nc3 b6 5. d5 exd5 6. cxd5 d6 7. g3 g6 8. Bg2
Bg7 9. O-O O-O 10. h3 Ba6 11. a4 Re8 12. Nd2 Re7 13. Re1 h6 14. Qc2 Nbd7 15. g4
Ne5 16. Nf1 Nd3 17. Rd1 Nxc1 18. Raxc1 Qd7 19. Ng3 Rae8 20. Re1 b5 21. axb5
Bxb5 22. e4 a6 23. Nxb5 Qxb5 24. Bf1 Qb6 25. Ra1 a5 26. Re3 Rb8 27. Ra2 Nd7 28.
Rea3 Bxb2 29. Rxa5 Bd4 30. Ra6 Qc7 31. Ne2 Bf6 32. Rc6 Qd8 33. Rxd6 Rb6 34.
Rxb6 Qxb6 35. Bg2 g5 36. Ng3 Re8 37. Nf5 Kh7 38. e5 Rxe5 39. Nd6+ Kg7 40. Ra8
Qc7 41. Nf5+ Rxf5 42. Qxf5 Qe5 43. Qxd7 1-0

[Event "SR 3. liga A2 2011/2012"]
[Site "?"]
[Date "2012.03.18"]
[Round "11.2"]
[White "Brunovsky, Peter"]
[Black "Cechovic, Stefan"]
[Result "0-1"]
[WhiteElo "1809"]
[BlackElo "2159"]
[PlyCount "96"]
[EventDate "2011.??.??"]

1. d4 f5 2. e4 fxe4 3. Nc3 Nf6 4. Bg5 g6 5. f3 exf3 6. Nxf3 Bg7 7. Qd2 d6 8.
O-O-O Bg4 9. Be2 Nbd7 10. h3 Bxf3 11. Bxf3 c6 12. g4 h6 13. Bf4 g5 14. Bg3 Nf8
15. Rhe1 Kd7 16. Qd3 Qa5 17. d5 Re8 18. a3 c5 19. Re2 Kd8 20. Rde1 a6 21. h4 b5
22. Qf5 b4 23. Nb1 Qc7 24. a4 Qd7 25. Qd3 Qxa4 26. Qf5 Qd7 27. Qd3 Qb5 28. Qf5
c4 29. Nd2 a5 30. h5 c3 31. bxc3 bxc3 32. Nb3 a4 33. Bxd6 exd6 34. Rxe8+ Nxe8
35. Qe4 Be5 36. Be2 Qb6 37. Qxa4 Nc7 38. Bc4 Nd7 39. Rf1 Rf8 40. Rxf8+ Nxf8 41.
Kb1 Qg1+ 42. Ka2 Qxg4 43. Na5 Nd7 44. Qc6 Nc5 45. Qb6 Kc8 46. Bd3 Qa4+ 47. Kb1
Nxd3 48. Qb7+ Kd7 0-1

[Event "SR 3. liga A2 2011/2012"]
[Site "?"]
[Date "2012.03.18"]
[Round "11.2"]
[White "Sarmir, Milos"]
[Black "Zajicek, Ferdinand"]
[Result "1-0"]
[WhiteElo "2048"]
[BlackElo "1860"]
[PlyCount "63"]
[EventDate "2011.??.??"]

1. e4 c5 2. Nf3 Nc6 3. d4 cxd4 4. Nxd4 d6 5. Be2 Nf6 6. Nc3 g6 7. O-O Bg7 8.
Be3 O-O 9. Kh1 Bd7 10. f4 Qc8 11. Rc1 a6 12. Bf3 Re8 13. Nd5 Nxd5 14. exd5 Nxd4
15. Bxd4 Qc4 16. Bxg7 Kxg7 17. Be2 Qc5 18. c4 Rac8 19. Qd3 f6 20. Qc3 g5 21. b4
Qa7 22. c5 dxc5 23. bxc5 Rc7 24. Bf3 Rd8 25. Rfe1 Be8 26. d6 exd6 27. Re6 Rdc8
28. Qxf6+ Kg8 29. Bd5 Bf7 30. Rce1 Qb8 31. Re7 Rf8 32. Bxf7+ 1-0

[Event "SR 3. liga A2 2011/2012"]
[Site "?"]
[Date "2012.03.18"]
[Round "11.2"]
[White "Papanek, Lubomir"]
[Black "Vagovsky, Jozef"]
[Result "0-1"]
[WhiteElo "1630"]
[BlackElo "1991"]
[PlyCount "82"]
[EventDate "2011.??.??"]

1. e4 c6 2. d4 d5 3. Nc3 dxe4 4. Nxe4 Bf5 5. Ng3 Bg6 6. Nf3 Nd7 7. Bf4 e6 8.
Bc4 Qa5+ 9. c3 Ngf6 10. O-O Be7 11. Re1 O-O 12. Bd3 Rfe8 13. Qc2 c5 14. dxc5
Qxc5 15. Rad1 Rac8 16. Be3 Qa5 17. Qb1 Qc7 18. Bd4 Bc5 19. Bxg6 hxg6 20. Qc1 e5
21. Be3 b5 22. Qd2 Bf8 23. Bg5 Nc5 24. Bxf6 gxf6 25. Ne4 Nxe4 26. Rxe4 Red8 27.
Qe1 Rxd1 28. Qxd1 Rd8 29. Qe1 Bh6 30. Qb1 Rd5 31. Re1 Qd7 32. h3 Bg7 33. Kf1 f5
34. Ke2 e4 35. Ng1 Rd2+ 36. Kf1 Qd5 37. Ne2 b4 38. Qc1 bxc3 39. Nxc3 Qd3+ 40.
Kg1 Bd4 41. Rd1 Bxc3 0-1

[Event "SR 3. liga A2 2011/2012"]
[Site "?"]
[Date "2012.03.18"]
[Round "11.2"]
[White "Vlkovic, Pavol"]
[Black "Kanka, Tomas"]
[Result "0-1"]
[WhiteElo "1838"]
[BlackElo "1379"]
[PlyCount "56"]
[EventDate "2011.??.??"]

1. e4 e5 2. Nf3 Nc6 3. Bc4 Nf6 4. d3 Be7 5. c3 O-O 6. O-O d5 7. exd5 Nxd5 8. h3
Be6 9. Re1 Bd6 10. Nbd2 f5 11. b4 Qf6 12. Qb3 Nce7 13. Nf1 h6 14. Ng3 c6 15. a4
a6 16. Bb2 b5 17. Bxd5 cxd5 18. axb5 axb5 19. Ra3 f4 20. Nf1 Qg6 21. Kh2 Qxd3
22. Rxa8 Rxa8 23. Nxe5 f3 24. Ng3 Qd2 25. Nxf3 Qxf2 26. Rxe6 Bxg3+ 27. Kh1 Qf1+
28. Ng1 Bf2 0-1

[Event "SR 3. liga A2 2011/2012"]
[Site "?"]
[Date "2012.03.18"]
[Round "11.2"]
[White "Mraz, Jan"]
[Black "Hornak, Pavol"]
[Result "1/2-1/2"]
[WhiteElo "1000"]
[BlackElo "1778"]
[PlyCount "21"]
[EventDate "2011.??.??"]

1. d4 Nf6 2. c4 g6 3. Nc3 d5 4. e3 Bg7 5. b3 O-O 6. Bb2 Nc6 7. Nf3 Bg4 8. Be2
Bxf3 9. Bxf3 e6 10. Rc1 Nd7 11. Ba3 1/2-1/2